Learning python networking: (Record no. 364179)
[ view plain ]
| 000 -LEADER | |
|---|---|
| fixed length control field | 00544nam a2200133Ia 4500 |
| 008 - FIXED-LENGTH DATA ELEMENTS--GENERAL INFORMATION | |
| fixed length control field | 200910s9999 xx 000 0 und d |
| 020 ## - INTERNATIONAL STANDARD BOOK NUMBER | |
| International Standard Book Number | 978-178-99-5809-6 |
| 100 ## - MAIN ENTRY--PERSONAL NAME | |
| Personal name | Ortega, Jose Manuel |
| 245 ## - TITLE STATEMENT | |
| Statement of responsibility, etc | Jose Manuel Ortega |
| Title | Learning python networking: |
| Remainder of title | a complete guide to build and deploy strong networking capabilities using python 3.7 and ansible/ |
| 260 ## - PUBLICATION, DISTRIBUTION, ETC. (IMPRINT) | |
| Place of publication, distribution, etc | Quezon City: |
| Name of publisher, distributor, etc | C and E Publishing, Inc. |
| Date of publication, distribution, etc | 2019 |
| 300 ## - PHYSICAL DESCRIPTION | |
| Extent | x, 473 pages |
| Dimensions | 23 cm. |
| 650 ## - SUBJECT ADDED ENTRY--TOPICAL TERM | |
| Topical term or geographic name as entry element | Computer networks -- management |
| 650 ## - SUBJECT ADDED ENTRY--TOPICAL TERM | |
| Topical term or geographic name as entry element | Phyton (Computer programming language) |
| Withdrawn status | Lost status | Damaged status | Home library | Current library | Shelving location | Date acquired | Source of acquisition | Total Checkouts | Full call number | Barcode | Date last seen | Price effective from | Koha item type |
|---|---|---|---|---|---|---|---|---|---|---|---|---|---|
| College Library | College Library | Reserve Section | 09/10/2020 | QA76.73.P98 .Or77 2019 | C22358 | 09/10/2020 | 09/10/2020 | Books |